000 00211 a2200097 4500
001 3898
100 _aSlurzerg, M
245 _aEssential of radio electronics
260 _a
_bMcgrawhill
_c
090 _c3128
_d3128
942 _aNUST-CAE
_cM
_c23647
999 _c238971
_d238971